000 nam a22 7a 4500
999 _c129064
_d129064
008 190220b xxu||||| |||| 00| 0 eng d
050 _aB945.P44 B543
100 _aBertilsson, Thora Margareta
_944787
245 _aPeirce's theory of inquiry and beyond
_btowards a social reconstruction of science theory
_cThora Margareta Bertilsson
260 _aNew York
_bPeter Lang
_c2009
300 _a236p. ;
_c21cm.
440 _aStudies in sociology: symbols, theory and society
_v5
_944788
600 _aPeirce, Charles S.
_944789
650 _aSocial sciences
_944790
942 _2lcc
_cMONOGRAPH